000
00401nam a22000977a 4500
100
_a
चौहान,कविता सिंह
_9
79945
245
_a
बघेलखण्ड की लोक-कलाऍं विमर्श एवं पाठ
260
_a
दिल्ली
_b
अनंग प्रकाशन
_c
2016
650
_a
लाेक साहित्य
_9
49533
942
_c
HIN
999
_c
63484
_d
63484